Places To Study

There are group study rooms, individual study carrels, computer labs, and other spaces to study in the Libraries.

Reserve A Group Room

Online Resources

Access thousands of eBooks, audiobooks, and online journals from the comfort of your home.

Explore Resources

Events and Workshops

Join our upcoming events and workshops to enhance your skills and knowledge.

View Events

ရွှေကျင်ဂိုဏ်းအစဉ်အလာသမိုင်း / (Record no. 2742)

MARC details
000 -LEADER
fixed length control field 00940nam a22001937a 4500
003 - CONTROL NUMBER IDENTIFIER
control field OSt
005 - DATE AND TIME OF LATEST TRANSACTION
control field 20251217085841.0
008 - FIXED-LENGTH DATA ELEMENTS--GENERAL INFORMATION
fixed length control field 251217b |||||||| |||| 00| 0 eng d
040 ## - CATALOGING SOURCE
Transcribing agency DCL
082 ## - DEWEY DECIMAL CLASSIFICATION NUMBER
Classification number ၂၉၄.၃၉
100 0# - MAIN ENTRY--PERSONAL NAME
Personal name ပိုက်ကျုံးဆရာတော်။
245 00 - TITLE STATEMENT
Title ရွှေကျင်ဂိုဏ်းအစဉ်အလာသမိုင်း /
Statement of responsibility, etc. ပိုက်ကျုံးဆရာတော်။
250 ## - EDITION STATEMENT
Edition statement တတိယအကြိမ်။
260 ## - PUBLICATION, DISTRIBUTION, ETC.
Place of publication, distribution, etc. [မန္တလေး] ၊
Name of publisher, distributor, etc. [မဟာဝိသုဒ္ဓါရုံတိုက်သစ်]၊
Date of publication, distribution, etc. ၂၀၁၂။
300 ## - PHYSICAL DESCRIPTION
Extent ၂၉ စာမျက်နှာ ၊
Dimensions ၁၉ စင်တီ။
504 ## - BIBLIOGRAPHY, ETC. NOTE
Bibliography, etc. note ကျမ်းကိုးစာရင်းပါဝင်သည်။
650 ## - SUBJECT ADDED ENTRY--TOPICAL TERM
Topical term or geographic name entry element ရွှေကျင်ဂိုဏ်း
Form subdivision သမိုင်း
942 ## - ADDED ENTRY ELEMENTS (KOHA)
Source of classification or shelving scheme Dewey Decimal Classification
Koha item type Short Term
Suppress in OPAC No
Holdings
Withdrawn status Lost status Source of classification or shelving scheme Damaged status Not for loan Collection Accession No. Home library Current library Shelving location Date acquired Total checkouts Full call number Barcode Date last seen Price effective from Koha item type
    Dewey Decimal Classification     Myanmar Collection ၁၇၇၈ Dhammadhara Dhammadhara Myanmar Shelves 17/12/2025   ၂၉၄.၃၉ ပိုက် ၁၇၇၈ MB00001778 17/12/2025 17/12/2025 Short Term